Théorie musicale (difficile) - Statistiques

Statistiques générales
  • Ce quiz a été pris 26 fois
  • Le résultat moyen est 6 sur 10
Statistiques - réponses
Question Réponse % Correct
Quelle clé n'existe pas dans les partitions occidentales ? La clé de La
96%
Un accord majeur peut être réduit en un empilement de (du grave à l'aigu) : 1 tierce majeure puis 1 tierce mineure
68%
Sur la plupart des pianos, les octaves sont : égales à l'octave "pure"
64%
Comment se nomme l'intervalle (du grave à l'aigu) mi♭ - do# ? Sixte augmentée
64%
Selon les traités actuels, la tonalité de si mineur (naturel) contient : 2 dièses
52%
Sur la plupart des pianos, les tierces majeures sont : plus grandes que la tierce dite "pure"
52%
Laquelle de ces noms de notes est apparue en dernier dans l'histoire : Si
52%
Pour obtenir l'octave supérieure d'une note, il faut multiplier sa fréquence par : 2
48%
Pour jouer un mode lydien, il suffit de jouer une gamme avec les touches blanches depuis : Fa
44%
Hector Berlioz a publié en 1844 un célèbre traité : d'orchestration
32%
Aucun quiz correspondant
Distribution des résultats
% des personnes avec chaque résultat
Percentile par nombre de réponses
Votre historique - résultats
Vous n’avez pas pris ce quiz